| 000 | 01488cam a2200421 i 4500 | ||
|---|---|---|---|
| 001 | a6448823 | ||
| 003 | SIRSI | ||
| 005 | 20251030162818.0 | ||
| 008 | 130710s2014 maua j 001 0 eng c | ||
| 020 |
_a9780763669843 : _c$16.99 |
||
| 020 | _a0763669849 | ||
| 035 | _a(OCoLC)ocn852457547 | ||
| 035 | _aUtOrBLW | ||
| 035 | _a(OCoLC)ocn889308475 | ||
| 040 |
_aYDXCP _cYDXCP _dBDX _dBTCTA _dZQP _dUPB _dUtOrBLW _erda |
||
| 042 | _apcc | ||
| 043 | _ae-fr--- | ||
| 082 | 0 | 4 |
_a944.361 _223 |
| 092 |
_achildren nonfiction _bRubbino |
||
| 100 | 1 |
_aRubbino, Salvatore, _d1970- _eauthor, _eill. _95863832 |
|
| 245 | 1 | 2 |
_aA walk in Paris / _cSalvatore Rubbino. |
| 250 | _aFirst U.S. edition. | ||
| 264 | 2 |
_aSomerville, Massachusetts : _bCandlewick Press, _c2014. |
|
| 300 |
_a38 pages : _bcolor illustrations ; _c30 cm |
||
| 336 | _atext | ||
| 336 | _astill image | ||
| 337 | _aunmediated | ||
| 338 | _avolume | ||
| 500 | _a"Unfolding Eiffel Tower inside"--Jacket cover. | ||
| 500 | _aIncludes index. | ||
| 520 | _aA child's-eye walking tour of Paris. | ||
| 583 |
_aJcat _c20140602 _kpjr _5UPB |
||
| 650 | 0 |
_aWalking _zFrance _zParis _vJuvenile literature. _96554682 |
|
| 650 | 0 |
_aHistoric buildings _zFrance _zParis _vJuvenile literature. _96487310 |
|
| 651 | 0 |
_aParis (France) _xBuildings, structures, etc. _vJuvenile literature. _95697859 |
|
| 651 | 0 |
_aParis (France) _vJuvenile literature. _96487312 |
|
| 942 |
_2ddc _cBOOK |
||
| 999 |
_c413071 _d413071 |
||